000 01281nam a2200349 a 4500
001 000109491
003 CHAP
005 20220329144052.0
008 140506s2013 mx sm |||||||spa d
010 _a105953
011 _a106925
040 _cCHAP
090 _aTesis
100 1 _aQuiroz González, Beatríz.
_993519
245 1 0 _aDaños por frío en pitahaya (Hylocereus undatus Haworth)
_h[En línea]
_cpor Beatríz Quiroz Gonzaález.
260 _aChapingo, Méx. :
_bEl autor,
_c2013.
500 _aPara ver el contenido del material haga clic en la liga
502 _aTesis (M. C. en Ciencia y Tecnología Agroalimentaria) -- UACH. Departamento Ingeniería Agroindustrial
590 _aBATCH-UPD
_b05
_c20141002
_lUCH01
_h0902
590 _aBATCH-UPD
_b10
_c20190704
_lUCH01
_h0951
590 _aE11695DGD
_b10
_c20190704
_lUCH01
_h0950
590 _aE6096MTM
_b05
_c20140506
_lUCH01
_h1356
590 _aE6096MTM
_b05
_c20140506
_lUCH01
_h1357
650 1 4 _aFrío
_xEfecto en árboles frutales.
_943540
650 1 4 _aFrío
_xEfecto en plantas.
_943542
650 1 4 _aHylocereus undatus.
_957088
650 1 4 _aStenocereus undatus.
_9109648
856 _aFinding aid
_uhttp://10.13.5.2/tesis/sist109491.pdf
_zTeclea aquí
901 _aBK
942 _cTESIS
942 _n0
999 _c105953
_d105953